00643nam a22002177a 450000500170000001000130001702000220003003500130005203700160006504000120008108200150009310000220010824500880013025000110021826000440022927000460027330000310031950000190035065000230036965000330039220170124110150.0 aA-284120 c48.00a0876924356 aA-284120 bCen Lib/Ret aDPLbEN a658.7bPLO aPlossl, George W. aProduction and inventory control :cby George W.Plosslbprinciples and techniques / a2nd ed aNew DelhibPrentice Hall Of Indiac1985 aM-97, Connaught CircusbNew Delhie110001 axx,443p. :c22cm(Hb)bill. aIncludes index aProduction control aStores or stock-room keeping